Top 10 greatest Nba Players of all time (Screw around edition) - Statistics

General Stats
  • This quiz has been taken 4 times
  • The average score is 5 of 10
Answer Stats
Hint Answer % Correct
1 Brian Scalabrine
100%
10 Adam Morrison
50%
3 Alex Caruso
50%
6 Anthony Bennett
50%
7 Darko Millicic
50%
2 Delonte West
50%
8 Killian Hayes
50%
4 Lakers Russell Westbrook
50%
9 Lance Stephenson
50%
5 Dillon Brooks
0%
No matching quizzes found
Score Distribution
Percent of People with Each Score
Percentile by Number Answered
Your Score History
You have not taken this quiz